=LDR 00000nam 2200000 4500 =001 INLIS000000000038016 =005 20200217043641 =035 ##$$a 0010-061300000038016 =008 200217################g##########0#ind## =041 ##$$a Ind =082 ##$$a 152.4 =090 ##$$a 152.4, Sha i =100 ##$$a Sharp, Timothy J =245 1#$$a I'm Happy : $b 100 cara bahagia bagi orang sibuk /$c Timothy J Sharp =260 ##$$a Jakarta :$b Ras,$c 2010 =300 ##$$a vi, 216 hlm. : $b ilus. ; $c 14 x 20 cm =650 #4$$a Psikologi =850 ##$$a NBPNMAT =020 ##$$a 979-013-082-1 =084 ##$$a 152.4 SHA i =250 ##$$a Cet. 3 =990 ##$$a 21105110/Pb/2011 =990 ##$$a 21105109/Pb/2011